| 000 | 00964cam a2200253 4500 | ||
|---|---|---|---|
| 008 | 090401t1990 xxu||||| |||| 00| 0 eng d | ||
| 020 | _a9519600345 | ||
| 035 | _a(Sirsi) u69330 | ||
| 041 | _aeng | ||
| 050 | _a526.9 | ||
| 110 | _aFederation International Des Geometres | ||
| 245 | _aXVIX (i.e. XIX) congress ... Helsinki , Finland, June 10-19 1990:commission 1... professional practice , organisation and legal systems | ||
| 260 |
_aHelsinki _bFIG _c1990 |
||
| 300 | _a299p. ; 21cm. | ||
| 350 | _a2.5 | ||
| 520 | _aPapers include:-Implications for the professions of international liberalisation and competition policy/ ARKELL,JULIAN . - The changing face of consultancy/ HOWAT,IAN S. - The case of liability , indemnity and the surveyor/ KINDRED,ALAN . | ||
| 650 | _aCONSULTANTS | ||
| 650 | _aCAREERS, EDUCATION AND TRAINING | ||
| 650 | _aPROFESSIONAL INDEMNITY | ||
| 650 | _aSURVEYORS | ||
| 650 | _aWOMEN | ||
| 942 | _n0 | ||
| 948 | _c04/03/1997 | ||
| 999 |
_c95186 _d95186 |
||